000
00250nam a2200109Ia 4500
008
231212s1986 xx 000 0 und d
041
_a
eng
082
_a
621.381
100
_a
Schaums
245
_a
Microprocesser
260
_a
New Delhi
_b
Tata Mc
_c
1986
999
_c
959318
_d
959318